| 000 | 01152nmc a2200337 a 4500 | ||
|---|---|---|---|
| 003 | AR-BaBNM | ||
| 005 | 20251128202812.0 | ||
| 008 | 276019s1982 ||||||||||||||000 | spa|| | ||
| 020 | _a950-25-0628-6 | ||
| 040 | _cAR-BaBNM | ||
| 100 | 1 | _aHalperin Donghi, Tulio | |
| 245 | 1 | 0 | _aUna nación para el desierto argentino |
| 260 |
_aBuenos Aires _bCentro Editor de América Latina _c1982 |
||
| 300 | 0 | _a149 p. | |
| 490 | 0 |
_aCapítulo: Biblioteca Argentina fundamental. Serie complementaria: Sociedad y cultura _vv. 156 |
|
| 500 | 1 | _aEste texto fue publicado por primera vez como prólogo a una extensa antología: Proyecto y construcción de una Nación: Argentina 1846-1880, Caracas, Biblioteca Ayacucho, n° 68, 1980, cii, 600 p. | |
| 650 | 4 | _aHISTORIA ARGENTINA | |
| 650 | 4 | _aPOLITICA | |
| 650 | 4 | _aHISTORIA DE LAS IDEAS | |
| 650 | 4 | _aORGANIZACION NACIONAL | |
| 650 | 4 | _aFEDERALISMO ARGENTINO | |
| 650 | 4 | _aCONSTRUCCION DE LA NACION | |
| 650 | 4 | _aESTADO | |
| 650 | 4 | _aNACION | |
| 650 | 4 | _aGOBIERNO | |
| 650 | 4 | _aCONFLICTO POLITICO | |
| 650 | 4 | _aCRISIS POLITICAS | |
| 650 | 4 | _aHISTORIA POLITICA | |
| 942 | _cBK | ||
| 998 | _cEnrique | ||
| 999 |
_c637 _d637 |
||